• 首页
  • 本馆介绍
  • 公告通知
  • 最新文献
  • 馆藏检索
  • 电子资源
  • 读者导购
  • 参考咨询
  • 我的图书馆
  • 登录
  • 详细信息显示
  • 放入我的书架
  • 预约/预借图书
  • 作者相关作品
  • 分类相关作品
  • 丛书相关作品
  • 出版社相关作品

书目信息

  • 表格格式
  • 工作单格式
  • 卡片格式
题名:
箫入门教材
    
 
作者: 曲祥 , 曲广义 , 树蓬 编著
分册:  
出版信息: 北京   华乐出版社  2000
页数: 181页
开本: 26cm
丛书名:
单 册:
中图分类: J632.13
科图分类:
主题词: 洞箫--吹奏法--教材
电子资源:
ISBN: 7-80129-043-7
000 01307nam0 2200349 450
000 01270nam0 2200337 450
000 01240nam0 2200337 450
000 01186nam0 2200313 450
000 01193nam0 2200301 450
000 01156nam0 2200289 45
005 20061207170940.93
010    @a7-80129-043-7@dCNY20.10
100    @a20060829d2000 ekmy0chiy0120 ea
101 0  @achi
102    @aCN@b110000
105    @aagk a 000yy
200 1  @a箫入门教材@AXiao Ru Men Jiao Cai@e简谱@EJian Pu@f曲祥,曲广义,树蓬编著@FQu Xiang , Qu Guang Yi , Shu Peng Bian Zhu
210    @a北京@c华乐出版社@d2000@h2001年6月北京第2次印刷
215    @a181页@c图,照片,乐谱@d26cm
320    @a有书目(第180~181页)
330    @a本书从初学开始,由浅入深地编入复员类练习曲及民歌、戏曲、独奏乐曲、重奏曲共115首,力求系统、科学、实用。书中还收入古曲、民间乐曲、移植中外乐曲和新创作的箫独奏曲17首。
333    @a读者对象:专业笛子演奏者。
517 1  @a简谱@AJian Pu
606 0  @a洞箫@x吹奏法@x教材
690    @aJ632.13@v4
701  0 @a曲祥@AQu Xiang@4编著
701  0 @a曲广义@AQu Guang Yi@4编著
701  0 @a树蓬@AShu Peng@4编著
801  0 @aCN@b中图数据@c20061207
905    @a10447@dJ632.13@e43
    
    箫入门教材:简谱/曲祥,曲广义,树蓬编著.-北京:华乐出版社,2000(2001年6月北京第2次印刷)
    181页:图,照片,乐谱;26cm
    使用对象:读者对象:专业笛子演奏者。
    
    ISBN 7-80129-043-7:CNY20.10
    本书从初学开始,由浅入深地编入复员类练习曲及民歌、戏曲、独奏乐曲、重奏曲共115首,力求系统、科学、实用。书中还收入古曲、民间乐曲、移植中外乐曲和新创作的箫独奏曲17首。
●
相关链接 在E读中查询图书 在五车中查询图书 在当当中查询图书 在豆瓣中查询图书


正题名:箫入门教材     索取号:J632.13/43         预约/预借

序号 登录号 条形码 馆藏地/架位号 状态 备注
1 0612527   206125272   第一样本阅览室/ [索取号:J632.13/43] 在馆    
2 0612528   206125281   第一借阅区/ [索取号:J632.13/43] 在馆    
3 0612529   206125290   第一借阅区/ [索取号:J632.13/43] 在馆    
4 0612530   206125307   第一借阅区/ [索取号:J632.13/43] 在馆    
唐山师范学院图书馆 欢迎您!
大连网信软件有限公司© 版权所有